[Event "SRB-chT quality"]
[Site "Belgrade"]
[Date "2010.10.28"]
[Round "8"]
[White "Savic, Nemanja"]
[Black "Boskovic, Dubravko"]
[Result "1/2-1/2"]
[WhiteElo "1862"]
[BlackElo "2084"]
[PlyCount "123"]
[EventDate "2010.10.09"]
[EventType "team-tourn"]
[EventRounds "11"]
[EventCountry "YUG"]
[SourceTitle "EXT 2011"]
[Source "ChessBase"]
[SourceDate "2010.11.26"]
[SourceVersion "1"]
[SourceVersionDate "2010.11.26"]
[SourceQuality "1"]

1. c4 c5 2. Nc3 Nc6 3. Nf3 Nf6 4. d4 cxd4 5. Nxd4 g6 6. g3 Bg7 7. Bg2 0-0 8. 0-0 Re8 9. Re1 a6 10. e4 Nxd4 11. Qxd4 d6 12. Qd3 Qc7 13. Bg5 Be6 14. Bxf6 Bxf6 15. b3 Rac8 16. Rac1 Qa5 17. a4 Bxc3 18. Qxc3 Qxc3 19. Rxc3 b5 20. axb5 axb5 21. Bf1 Rc7 22. Rec1 Rec8 23. f3 f5 24. exf5 Bxf5 25. g4 Be6 26. Re3 Bf7 27. Rce1 bxc4 28. Bxc4 Bxc4 29. bxc4 Kf7 30. f4 Ra8 31. Rc3 Ra4 32. Rec1 Rc5 33. Kf2 Ra2+ 34. Kg3 Kf6 35. h3 Rd2 36. Kf3 Rd4 37. Ke3 e5 38. fxe5+ dxe5 39. Rf1+ Ke7 40. Ra1 Kf6 41. Ra7 h5 42. Ra6+ Kg5 43. Re6 Rf4 44. h4+ Kxg4 45. Rxg6+ Kxh4 46. Rc1 Rg4 47. Rh1+ Kg3 48. Rg1+ Kh3 49. Rh1+ Kg2 50. Rxg4+ hxg4 51. Rc1 g3 52. Rc2+ Kh3 53. Kf3 Rc8 54. c5 Rf8+ 55. Ke4 Rf2 56. Rc3 Kg4 57. c6 Rf8 58. c7 Rc8 59. Kd5 g2 60. Rc1 Kg3 61. Kd6 Kf2 62. Kd7 1/2-1/2